Olivia Rodrigo - Paroles Drop Dead - Statistiques

Statistiques générales
  • Ce quiz a été pris 11 fois
    7 depuis la dernière actualisation
  • Le résultat moyen est 299 sur 398
Statistiques - réponses
Hint Réponse % Correct
a
100%
(Ah
100%
ah)
100%
an
100%
And
100%
and
100%
at
100%
Couplet 2 And
100%
Couplet 1 I
100%
finish
100%
have
100%
he
100%
hope
100%
I
100%
in
100%
kiss
100%
Kiss
100%
me
100%
never
100%
that
100%
to
100%
you
100%
You
100%
11
83%
always
83%
angel
83%
bar
83%
bathroom
83%
beer
83%
But
83%
'Cause
83%
dead
83%
Refrain Oh,
83%
Bridge Pisces
83%
drop
83%
Eurostar
83%
feminine
83%
France?
83%
Gemini
83%
Heaven"
83%
intuition
83%
it
83%
"Just
83%
just
83%
know
83%
Like
83%
like
83%
Like,
83%
lookin'
83%
might
83%
of
83%
Pisces
83%
pressed
83%
so,
83%
so
83%
the
83%
The
83%
this
83%
together
83%
up
83%
Versailles
83%
all
67%
All
67%
bed
67%
been
67%
bored
67%
closes
67%
Refrain One
67%
ever
67%
forever
67%
go
67%
gum
67%
had
67%
I'd
67%
if
67%
If
67%
internet
67%
It's
67%
Japan?
67%
let
67%
line
67%
nice
67%
night
67%
on
67%
one
67%
Or
67%
real
67%
really
67%
stalked
67%
standin'
67%
stay
67%
taken
67%
then
67%
think
67%
us
67%
vision
67%
walls
67%
was
67%
we
67%
Well,
67%
words
67%
you're
67%
You're
67%
boy
50%
chewing
50%
here
50%
I've
50%
love
50%
my
50%
pretty,
50%
right
50%
standing
50%
them
50%
throw
50%
why
50%
wrote
50%
Yeah,
50%
alive
33%
bunch
33%
could
33%
damn
33%
feel
33%
goddamn
33%
gut
33%
hand,
33%
held
33%
home
33%
how
33%
I'm
33%
Left
33%
made
33%
most
33%
Now
33%
paranoid
33%
promised,
33%
punch
33%
slow
33%
stuff
33%
tell
33%
walked
33%
whole
33%
world
33%
can
17%
Clothes
17%
fall
17%
got
17%
ground
17%
hints
17%
hook,
17%
make
17%
makeout
17%
off
17%
droppin'
0%
Let's
0%
let's
0%
maybe
0%
out
0%
steady,
0%
Aucun quiz correspondant
Distribution des résultats
% des personnes avec chaque résultat
Percentile par nombre de réponses
Votre historique - résultats
Vous n’avez pas pris ce quiz depuis la dernière actualisation